[Event "Berlin Lichtenberger op 13th"]
[Site "Berlin"]
[Date "2014.08.23"]
[Round "8"]
[White "Born, Jonathan"]
[Black "Bauer, Stefan"]
[Result "0-1"]
[WhiteElo "1706"]
[BlackElo "1614"]
[PlyCount "72"]
[EventDate "2014.08.16"]
[EventType "swiss"]
[EventRounds "9"]
[EventCountry "GER"]
[SourceTitle "CBM 161 Extra"]
[Source "ChessBase"]
[SourceDate "2014.08.29"]
[SourceVersion "1"]
[SourceVersionDate "2014.08.29"]
[SourceQuality "1"]

1. e4 c5 2. Nf3 Nc6 3. d4 cxd4 4. Nxd4 a6 5. Nc3 e6 6. Be3 Nf6 7. Be2 g6 8. Qd2 Ne5 9. Bf4 d6 10. Nf3 Nxf3+ 11. Bxf3 e5 12. Bg5 Be6 13. 0-0-0 h6 14. Bh4 g5 15. Bg3 g4 16. Be2 Qa5 17. Kb1 b5 18. Bh4 Nxe4 19. Qd3 Nxc3+ 20. Qxc3 Qxc3 21. bxc3 Rc8 22. Rd3 h5 23. Rhd1 Rc6 24. f3 Bc4 25. R3d2 Be6 26. Rd3 Bc4 27. Re3 Be7 28. Bxe7 Kxe7 29. f4 f6 30. Bxc4 bxc4 31. Kb2 Rb8+ 32. Ka3 Rc5 33. Ka4 Rb2 34. fxe5 fxe5 35. h3 Rxa2+ 36. Kb4 a5# 0-1

[Event "Berlin Lichtenberger op 13th"]
[Site "Berlin"]
[Date "2014.08.19"]
[Round "4"]
[White "Born, Jonathan"]
[Black "Lischeid, Kilian"]
[Result "1-0"]
[WhiteElo "1706"]
[BlackElo "1642"]
[PlyCount "42"]
[EventDate "2014.08.16"]
[EventType "swiss"]
[EventRounds "9"]
[EventCountry "GER"]
[SourceTitle "CBM 161 Extra"]
[Source "ChessBase"]
[SourceDate "2014.08.29"]
[SourceVersion "1"]
[SourceVersionDate "2014.08.29"]
[SourceQuality "1"]

1. e4 c5 2. Nf3 Nc6 3. d4 cxd4 4. Nxd4 g6 5. Nc3 Bg7 6. Be3 d6 7. f3 Nf6 8. Bc4 0-0 9. Qd2 Bd7 10. 0-0-0 a6 11. g4 Rc8 12. Bb3 Na5 13. h4 Nxb3+ 14. Nxb3 b5 15. h5 b4 16. Ne2 a5 17. hxg6 hxg6 18. Bh6 Ne8 19. Bxg7 Nxg7 20. Qh6 f5 21. gxf5 Kf7 1-0

[Event "Berlin-ch QT"]
[Site "Berlin"]
[Date "2013.04.07"]
[Round "9"]
[White "Steinert, Christian"]
[Black "Born, Jonathan"]
[Result "0-1"]
[WhiteElo "1987"]
[BlackElo "1560"]
[PlyCount "58"]
[EventDate "2013.03.30"]
[EventType "swiss"]
[EventRounds "9"]
[EventCountry "GER"]
[SourceTitle "EXT 2023"]
[Source "ChessBase"]
[SourceDate "2022.10.05"]
[SourceVersion "1"]
[SourceVersionDate "2022.10.05"]
[SourceQuality "1"]

1. e4 e5 2. Nf3 Nc6 3. c3 d6 4. Bc4 Bg4 5. h3 Bh5 6. d3 Nf6 7. Nbd2 a6 8. a4 Qd7 9. Qe2 Be7 10. Nf1 d5 11. Ba2 d4 12. g4 Bg6 13. Ng3 0-0-0 14. Bc4 Qd6 15. cxd4 Nxd4 16. Nxd4 Qxd4 17. 0-0 Qd7 18. Be3 h5 19. g5 Nh7 20. h4 Qh3 21. Rfc1 Qxh4 22. Qc2 Bd6 23. Ra3 Nxg5 24. Rc3 Kd7 25. Bb3 Ke8 26. Rxc7 Qg4 27. Kf1 h4 28. Bxg5 hxg3 29. Ke1 Bb4+ 0-1

[Event "Potsdam Christmas 35th"]
[Site "Potsdam"]
[Date "2010.12.29"]
[Round "6.44"]
[White "Paul, Fabian"]
[Black "Born, Jonathan"]
[Result "1-0"]
[WhiteElo "1245"]
[BlackElo "918"]
[PlyCount "49"]
[EventDate "2010.12.27"]
[EventType "swiss"]
[EventRounds "7"]
[EventCountry "GER"]
[SourceTitle "EXT 2022"]
[Source "ChessBase"]
[SourceDate "2021.10.06"]
[SourceVersion "1"]
[SourceVersionDate "2021.10.06"]
[SourceQuality "1"]

1. c4 c5 2. g3 g6 3. Nf3 Nf6 4. Bg2 d6 5. 0-0 Bg7 6. Nc3 0-0 7. d4 cxd4 8. Nxd4 Nc6 9. Nxc6 bxc6 10. Bxc6 Rb8 11. Nb5 Bh3 12. Re1 Qb6 13. Bh1 Ng4 14. e3 Bxb2 15. Bxb2 a6 16. Bd4 Qa5 17. Nc3 e5 18. Nd5 exd4 19. Qxd4 Rfc8 20. Ne7+ Kf8 21. Nxc8 Rxc8 22. Qh8+ Ke7 23. Qxc8 Qd2 24. Qb7+ Ke8 25. Qf3 1-0